LEADER 01160nam a2200253 u 4500 001 000000083834 003 CaOOAMICUS 005 20070226124020.0 008 050527s1954 fr u000 u fre u 035 $a11047334 040 $aPUL(R)$bita 041 1 $afre$hgrc 100 0 $aTheodoretus,$cvesc. di Ciro,$dc. 393-458.$0(OLS)http://pul/name/8936 240 10$aDe providentia$9(Theodoretus, vesc. di Ciro, c. 393-458).$lFrancese.$0(OLS)http://pul/title/109172 245 10$aDiscours sur la providence /$cThéodoret de Cyr ; traduction, avec introduction et notes par Yvan Azéma. 260 $aParis :$bLes Belles Lettres,$c1954. 300 $a349 p. ;$c24 cm 500 $aSul front. : Ouvrage publié avec le concours du Centre National de la Recherche Scintifique. 700 1 $aAzéma, Yvan.$0(OLS)http://pul/name/12589 850 $aPUL 852 $aPUL$W1$xDP1 Fondo Cecchetti$y53$m267 E 54$j106677$nBK-PRI$b $qFondi$B106677$CPULBib$Z2$F106677 $H $81 941 1 $a1 996 $6245$aDiscours sur la providence$9(OLS)http://pul/title/109173 996 $6260$aParis :$bLes Belles Lettres$9(OLS)http://pul/publisher/48357 LEADER 00905naa a2200205 u 4500 001 000000101503 003 CaOOAMICUS 005 20070226130207.0 008 051215m20032004it u000 u ita u 035 $a11072729 040 $aIAR$bita 100 1 $aMazzucchi, Carlo Maria,$d1952-$0(OLS)http://pul/name/8744 245 10$aAmbrosianus C 222 inf (graecus 886) :$bIl codice e il suo autore /$cCarlo Maria Mazzucchi. 260 $a[Milano :$bVita e pensiero],$c[2003-04] 300 $aS. 263-275 (v.77); 411-440 (v.78) ;$c25 cm 610 24$aBiblioteca ambrosiana.$kMss.$n(C 222 inf.).$0(OLS)http://pul/subject/32714 730 0 $aAevum$g[Spogli].$0(OLS)http://pul/title/11692 773 0 $tAevum$k77 (2003); 78 (2004)$w()8026 996 $6245$aAmbrosianus C 222 inf (graecus 886) :$bIl codice e il suo autore$9(OLS)http://pul/title/128408 996 $6260$a[Milano :$bVita e pensiero]$9(OLS)http://pul/publisher/79155